[Event "RUS-chT Seniors final"]
[Site "Sochi"]
[Date "2019.05.04"]
[Round "4.2"]
[White "Balashov, Yuri S"]
[Black "Maiorov, Viktor"]
[Result "1-0"]
[WhiteElo "2471"]
[BlackElo "1935"]
[PlyCount "73"]
[EventDate "2019.05.01"]
[EventType "team-tourn"]
[EventRounds "9"]
[EventCountry "RUS"]
[SourceTitle "CBM 190 Extra"]
[Source "ChessBase"]
[SourceDate "2019.07.15"]
[SourceVersion "1"]
[SourceVersionDate "2019.07.15"]
[SourceQuality "1"]
[WhiteTeam "Cheliabinsk Yuzhnyy Ural"]
[BlackTeam "Sochi Pearl"]
[WhiteTeamCountry "RUS"]
[BlackTeamCountry "RUS"]

1. Nf3 Nf6 2. c4 c5 3. Nc3 b6 4. e4 d6 5. d4 cxd4 6. Nxd4 Bb7 7. f3 g6 8. Bg5 Bg7 9. Qd2 h6 10. Be3 Nc6 11. Nxc6 Bxc6 12. Rc1 Rc8 13. Be2 Qd7 14. 0-0 g5 15. Bd3 Qe6 16. Ne2 Nd7 17. Ng3 Ne5 18. Nf5 Qg6 19. b4 Bf8 20. Bb1 Rd8 21. Kh1 Bd7 22. c5 dxc5 23. Qc3 Bxf5 24. Qxe5 Bg7 25. exf5 Bxe5 26. fxg6 cxb4 27. Rc4 Bd6 28. gxf7+ Kxf7 29. f4 g4 30. f5 h5 31. Be4 Rc8 32. Bd5+ Kf6 33. Re4 Be5 34. Bg5+ Kxg5 35. Rxe5 Rc7 36. f6+ Kg6 37. fxe7 1-0

[Event "Sochi Amateur op 6th"]
[Site "Sochi"]
[Date "2019.04.12"]
[Round "8"]
[White "Kuznetsov, Sergey7"]
[Black "Maiorov, Viktor"]
[Result "1/2-1/2"]
[WhiteElo "1687"]
[BlackElo "1966"]
[PlyCount "118"]
[EventDate "2019.04.07"]
[EventType "swiss"]
[EventRounds "9"]
[EventCountry "RUS"]
[SourceTitle "CBM 189 Extra"]
[Source "ChessBase"]
[SourceDate "2019.05.31"]
[SourceVersion "1"]
[SourceVersionDate "2019.05.31"]
[SourceQuality "1"]

1. e4 c5 2. b3 Nc6 3. Bb2 e5 4. Bc4 d6 5. Ne2 Qg5 6. 0-0 Nh6 7. f4 exf4 8. Nxf4 Bg4 9. Qe1 0-0-0 10. Qg3 Qe7 11. Nc3 Qe5 12. d3 g5 13. Nfe2 Bxe2 14. Qxe5 Nxe5 15. Nxe2 Bg7 16. Rab1 Rhf8 17. Ng3 Bh8 18. Bd5 Ng6 19. Bxh8 Nxh8 20. Nf5 Ng4 21. c3 Ne5 22. d4 cxd4 23. cxd4 Nd3 24. Bc4 Nf4 25. g3 Ne6 26. Bxe6+ fxe6 27. Nxd6+ Kc7 28. Rxf8 Rxf8 29. Nc4 Rd8 30. Rd1 Ng6 31. a4 b6 32. Kf2 a6 33. Ke3 b5 34. axb5 axb5 35. Nb2 Ra8 36. Nd3 Ra3 37. Nc5 Kd6 38. Rf1 Ne5 39. h3 Nd7 40. Rc1 Nxc5 41. dxc5+ Kc6 42. Rc3 b4 43. Rd3 Kxc5 44. h4 gxh4 45. gxh4 Ra1 46. Kf4 Rc1 47. Ke5 Rc3 48. Rd7 h5 49. Kxe6 Rxb3 50. Rd5+ Kc4 51. Rxh5 Re3 52. e5 b3 53. Rh8 b2 54. Rb8 Kc3 55. Kd6 Re4 56. Rxb2 Kxb2 57. e6 Rd4+ 58. Kc7 Rc4+ 59. Kd7 Rxh4 1/2-1/2

[Event "Sochi Amateur op 6th"]
[Site "Sochi"]
[Date "2019.04.11"]
[Round "7"]
[White "Maiorov, Viktor"]
[Black "Chumarova, Karina"]
[Result "1-0"]
[WhiteElo "1966"]
[BlackElo "1808"]
[PlyCount "91"]
[EventDate "2019.04.07"]
[EventType "swiss"]
[EventRounds "9"]
[EventCountry "RUS"]
[SourceTitle "CBM 189 Extra"]
[Source "ChessBase"]
[SourceDate "2019.05.31"]
[SourceVersion "1"]
[SourceVersionDate "2019.05.31"]
[SourceQuality "1"]

1. e4 e6 2. d4 d5 3. Nd2 dxe4 4. Nxe4 b6 5. Nf3 Bb7 6. Bb5+ Nd7 7. Ne5 c6 8. Bxc6 Bxc6 9. Nxc6 Qc7 10. d5 exd5 11. Qxd5 Rc8 12. Ng5 Ndf6 13. Qe5+ Qxe5+ 14. Nxe5 Nh6 15. c3 Bd6 16. Ngf3 Nf5 17. 0-0 0-0 18. Rd1 Rfe8 19. Nd3 h6 20. Bf4 Bxf4 21. Nxf4 Re4 22. g3 Rce8 23. Re1 Nd6 24. Rad1 Rxe1+ 25. Rxe1 Rxe1+ 26. Nxe1 Nc4 27. Nfd3 Ne4 28. Kf1 a5 29. Ke2 b5 30. f3 Nf6 31. b3 Nd6 32. Nc2 Nd5 33. Kd2 g5 34. Nc5 h5 35. Ne4 Nxe4+ 36. fxe4 Nf6 37. Kd3 Ng4 38. h4 Ne5+ 39. Ke3 f6 40. Nd4 b4 41. c4 Ng4+ 42. Ke2 Ne5 43. Nf3 g4 44. Nxe5 fxe5 45. c5 Kf7 46. Kd3 1-0

[Event "Sochi Amateur op 6th"]
[Site "Sochi"]
[Date "2019.04.10"]
[Round "5"]
[White "Maiorov, Viktor"]
[Black "Bogachkov, Vladislav"]
[Result "1/2-1/2"]
[WhiteElo "1966"]
[BlackElo "2108"]
[PlyCount "105"]
[EventDate "2019.04.07"]
[EventType "swiss"]
[EventRounds "9"]
[EventCountry "RUS"]
[SourceTitle "CBM 189 Extra"]
[Source "ChessBase"]
[SourceDate "2019.05.31"]
[SourceVersion "1"]
[SourceVersionDate "2019.05.31"]
[SourceQuality "1"]

1. e4 c6 2. d4 d5 3. exd5 cxd5 4. c4 Nf6 5. Nc3 g6 6. Qb3 Bg7 7. cxd5 0-0 8. Be2 Nbd7 9. Bf3 Nb6 10. Nge2 Bg4 11. Bxg4 Nxg4 12. 0-0 Rc8 13. a4 Qd7 14. a5 Nc4 15. Ra4 Nxa5 16. Qa2 b6 17. b4 Nc4 18. h3 Nf6 19. Rxa7 Qf5 20. Nf4 h5 21. Rxe7 g5 22. Nfe2 Nxd5 23. Nxd5 Qxd5 24. Qa7 Rc6 25. Rd1 Re6 26. Nc3 Qf5 27. Qd7 Qf6 28. Nd5 Qf5 29. Rxe6 Qxe6 30. Qxe6 fxe6 31. Ne7+ Kf7 32. Bxg5 Bf6 33. Bxf6 Kxf6 34. Nc6 Rc8 35. Ne5 Nxe5 36. dxe5+ Kxe5 37. g3 Rc4 38. Rb1 b5 39. Kg2 Kf5 40. Rb2 e5 41. f3 Rc3 42. Re2 Rc4 43. g4+ hxg4 44. fxg4+ Kf4 45. Rf2+ Ke3 46. g5 e4 47. h4 Rd4 48. g6 Rd6 49. h5 Rd5 50. Kg1 Rd1+ 51. Rf1 Rd5 52. Rf2 Rd1+ 53. Rf1 1/2-1/2

[Event "Sochi Amateur op 6th"]
[Site "Sochi"]
[Date "2019.04.08"]
[Round "2"]
[White "Aminov, Yurik"]
[Black "Maiorov, Viktor"]
[Result "1/2-1/2"]
[WhiteElo "1629"]
[BlackElo "1966"]
[PlyCount "76"]
[EventDate "2019.04.07"]
[EventType "swiss"]
[EventRounds "9"]
[EventCountry "RUS"]
[SourceTitle "CBM 189 Extra"]
[Source "ChessBase"]
[SourceDate "2019.05.31"]
[SourceVersion "1"]
[SourceVersionDate "2019.05.31"]
[SourceQuality "1"]

1. Nf3 c5 2. g3 Nc6 3. Bg2 g6 4. d3 Bg7 5. e4 e6 6. Nc3 Nge7 7. Bg5 0-0 8. Qd2 Rb8 9. 0-0 b5 10. Bh6 f5 11. Bxg7 Kxg7 12. Rfe1 d6 13. Ne2 e5 14. c3 h6 15. h4 b4 16. Rec1 bxc3 17. bxc3 Qb6 18. Rab1 Qxb1 19. Rxb1 Rxb1+ 20. Kh2 Ba6 21. Nc1 c4 22. Qc2 Rb6 23. dxc4 Bxc4 24. Nd2 Be6 25. Ncb3 fxe4 26. Nxe4 Bf5 27. Qe2 d5 28. Nd6 Be6 29. Nc5 Bc8 30. Nxc8 Rxc8 31. Nd7 Rb7 32. Nxe5 Nd8 33. Ng4 Nf7 34. Qd2 Rc4 35. Ne3 Ra4 36. Bxd5 Nxd5 37. Qxd5 Rb2 38. Ng4 h5 1/2-1/2

[Event "RUS-chT Seniors"]
[Site "Sochi"]
[Date "2018.05.04"]
[Round "4.4"]
[White "Vasiliev, Sergey N"]
[Black "Maiorov, Viktor"]
[Result "1-0"]
[WhiteElo "1945"]
[BlackElo "1964"]
[PlyCount "161"]
[EventDate "2018.05.01"]
[EventType "team-tourn"]
[EventRounds "10"]
[EventCountry "RUS"]
[SourceTitle "EXT 2019"]
[Source "ChessBase"]
[SourceDate "2018.10.10"]
[SourceVersion "1"]
[SourceVersionDate "2018.10.10"]
[SourceQuality "1"]
[WhiteTeam "Tatarstan Castle"]
[BlackTeam "Sochi Center"]
[WhiteTeamCountry "RUS"]
[BlackTeamCountry "RUS"]

1. d4 Nf6 2. Nf3 b6 3. c4 e6 4. Nc3 Bb7 5. e3 Ne4 6. Bd3 Nxc3 7. bxc3 c5 8. 0-0 d6 9. e4 Nd7 10. Re1 e5 11. d5 Be7 12. Be3 h6 13. Nd2 Bg5 14. Nf1 Bc8 15. Ng3 g6 16. Qd2 Qf6 17. Nf1 Bxe3 18. Rxe3 h5 19. Rf3 Qe7 20. Bc2 Nf6 21. Ba4+ Kf8 22. Qg5 Nxd5 23. Qd2 Nf4 24. Bc6 Rb8 25. g3 Bg4 26. Re3 Nh3+ 27. Kg2 Rd8 28. f3 Bc8 29. Rd3 h4 30. Rd1 hxg3 31. hxg3 Ng5 32. Rxd6 Rxd6 33. Qxd6 Qxd6 34. Rxd6 Bh3+ 35. Kf2 Ke7 36. Rd3 Bxf1 37. Kxf1 Rh2 38. a4 a5 39. Rd7+ Kf8 40. f4 exf4 41. gxf4 Nh3 42. Bd5 Rf2+ 43. Ke1 Rxf4 44. Rb7 Nf2 45. Kd2 Nxe4+ 46. Ke3 Rf6 47. Bxe4 g5 48. Bf3 Re6+ 49. Kf2 f5 50. Bd5 Rf6 51. Kf3 f4 52. Kg4 f3 53. Bxf3 Rf4+ 54. Kg3 Rxc4 55. Bc6 Rxc3+ 56. Kg4 Rd3 57. Kxg5 c4 58. Rxb6 Rd6 59. Rb8+ Ke7 60. Bb5 Rd5+ 61. Kf4 Rc5 62. Re8+ Kd6 63. Re1 Rc7 64. Rc1 Kd5 65. Ke3 Re7+ 66. Kd2 Re4 67. Bd7 Kc5 68. Kc2 Re2+ 69. Kc3 Re3+ 70. Kb2 Kb4 71. Bb5 Rb3+ 72. Kc2 Re3 73. Rb1+ Kc5 74. Bd7 Re2+ 75. Kc1 Re1+ 76. Kc2 Re2+ 77. Kd1 Re3 78. Rb5+ Kd4 79. Rxa5 Rd3+ 80. Kc2 c3 81. Rd5+ 1-0

[Event "Sochi City-ch"]
[Site "Sochi"]
[Date "2017.09.02"]
[Round "2"]
[White "Maiorov, Viktor"]
[Black "Volobueva, Anastasiya"]
[Result "1-0"]
[WhiteElo "1990"]
[BlackElo "1106"]
[PlyCount "63"]
[EventDate "2017.09.02"]
[EventType "swiss"]
[EventRounds "9"]
[EventCountry "RUS"]
[SourceTitle "CBM 180 Extra"]
[Source "ChessBase"]
[SourceDate "2017.10.06"]
[SourceVersion "1"]
[SourceVersionDate "2017.10.06"]
[SourceQuality "1"]

1. e4 e5 2. Nf3 Nc6 3. Bb5 a6 4. Ba4 g6 5. 0-0 d6 6. c3 Bg4 7. h3 h5 8. Bxc6+ bxc6 9. d3 Bxf3 10. Qxf3 Bg7 11. Be3 Nf6 12. Nd2 0-0 13. Bg5 Rb8 14. b3 c5 15. Nc4 Qe7 16. Ne3 Qe6 17. g4 hxg4 18. hxg4 Nh7 19. Bh4 c6 20. Kg2 f6 21. Rh1 Rbd8 22. c4 Rf7 23. Rh2 Rdf8 24. Rah1 Bh8 25. Qh3 a5 26. Bg3 g5 27. Nf5 Rd7 28. Qxh7+ Rxh7 29. Rxh7 d5 30. Rxh8+ Kf7 31. R1h7+ Kg6 32. Rg7# 1-0

[Event "RUS-chT Seniors"]
[Site "Sochi"]
[Date "2017.05.09"]
[Round "9.2"]
[White "Kolbanov, Veniamin M"]
[Black "Maiorov, Viktor"]
[Result "1-0"]
[WhiteElo "2174"]
[BlackElo "1997"]
[PlyCount "139"]
[EventDate "2017.05.01"]
[EventType "team-tourn"]
[EventRounds "10"]
[EventCountry "RUS"]
[SourceTitle "CBM 178 Extra"]
[Source "ChessBase"]
[SourceDate "2017.06.22"]
[SourceVersion "1"]
[SourceVersionDate "2017.06.22"]
[SourceQuality "1"]

1. c4 e5 2. Nc3 Nc6 3. g3 f5 4. Bg2 Nf6 5. d3 Bc5 6. e3 d6 7. Nge2 0-0 8. 0-0 a5 9. d4 Ba7 10. a3 Qe8 11. Nb5 Bb8 12. b3 Nd8 13. Bb2 c6 14. dxe5 dxe5 15. Nd6 Bxd6 16. Qxd6 Nf7 17. Qd2 Ng5 18. f3 Qe7 19. Rad1 Re8 20. Nc3 Rb8 21. Nb1 b5 22. cxb5 Rxb5 23. Qc2 Qa7 24. Bc1 Rc5 25. Qf2 e4 26. f4 Ng4 27. Qd2 Ne6 28. h3 Nf6 29. b4 axb4 30. axb4 Rd5 31. Qc2 Red8 32. Nc3 Rd3 33. Rfe1 Ba6 34. Qa4 Kf7 35. Bf1 Rxc3 36. Qxa6 Qxa6 37. Bxa6 Rxd1 38. Rxd1 Nd5 39. b5 Nxe3 40. Bxe3 Rxe3 41. Rd7+ Ke8 42. bxc6 Rxg3+ 43. Kh2 Rc3 44. Bb5 Rc5 45. c7 Nxc7 46. Rxc7+ Rxb5 47. Rxg7 Rb3 48. Rg5 Rb5 49. Rh5 Kf8 50. Rxh7 Kg8 51. Ra7 Rb6 52. Kg3 Rf6 53. Kh4 Rf7 54. Ra5 Kf8 55. Kg5 Ke7 56. h4 Ke6 57. Re5+ Kd6 58. h5 Re7 59. h6 e3 60. Kf6 Rxe5 61. fxe5+ Kd5 62. h7 e2 63. h8Q e1Q 64. Qa8+ Kd4 65. Qa4+ Kd5 66. Qd7+ Kc4 67. Qxf5 Kd4 68. e6 Qh4+ 69. Kf7 Qd8 70. Qf6+ 1-0

[Event "RUS-chT Seniors"]
[Site "Sochi"]
[Date "2017.05.07"]
[Round "7.1"]
[White "Fradkin, Boris"]
[Black "Maiorov, Viktor"]
[Result "1-0"]
[WhiteElo "2376"]
[BlackElo "1997"]
[PlyCount "39"]
[EventDate "2017.05.01"]
[EventType "team-tourn"]
[EventRounds "10"]
[EventCountry "RUS"]
[SourceTitle "CBM 178 Extra"]
[Source "ChessBase"]
[SourceDate "2017.06.22"]
[SourceVersion "1"]
[SourceVersionDate "2017.06.22"]
[SourceQuality "1"]

1. d4 Nf6 2. Nf3 b6 3. e3 Bb7 4. Bd3 e6 5. Nbd2 d5 6. b3 c5 7. 0-0 Nbd7 8. Bb2 Be7 9. Qe2 0-0 10. Ne5 g6 11. Rfd1 a6 12. Ndf3 Qc7 13. Rac1 Nxe5 14. Nxe5 Ne8 15. c4 cxd4 16. Bxd4 Ba3 17. Rc2 Qd6 18. cxd5 Qxd5 19. f3 b5 20. Be4 1-0

[Event "St Petersburg rapid"]
[Site "St Petersburg"]
[Date "2015.03.14"]
[Round "1"]
[White "Maiorov, Viktor"]
[Black "Malakhov, Igor"]
[Result "0-1"]
[WhiteElo "2047"]
[BlackElo "2440"]
[PlyCount "64"]
[EventDate "2015.03.14"]
[EventType "swiss (rapid)"]
[EventRounds "9"]
[EventCountry "RUS"]
[SourceTitle "CBM 165 Extra"]
[Source "ChessBase"]
[SourceDate "2015.04.21"]
[SourceVersion "1"]
[SourceVersionDate "2015.04.21"]
[SourceQuality "1"]

1. e4 c5 2. Nc3 a6 3. a4 Nc6 4. f4 g6 5. Nf3 Bg7 6. Bc4 e6 7. f5 gxf5 8. d3 Nge7 9. 0-0 d5 10. exd5 exd5 11. Ba2 Be6 12. Qe1 Nb4 13. Ng5 Nxa2 14. Rxa2 Qd7 15. Ne2 Ng6 16. Ng3 0-0-0 17. Nh5 Be5 18. c3 d4 19. c4 Bc7 20. Qf2 h6 21. Nh3 Ne5 22. N3f4 Qc6 23. h3 Rhg8 24. Nf6 Rg7 25. N6d5 Bd6 26. a5 Rdg8 27. Nb6+ Kb8 28. Ra3 Ka7 29. Rb3 Nxd3 30. Rxd3 Bxf4 31. g3 Bxg3 32. Rxg3 Rxg3+ 0-1

[Event "St Petersburg-ch qual"]
[Site "St Petersburg"]
[Date "2006.12.11"]
[Round "7"]
[White "Ozolin, Aleksey"]
[Black "Maiorov, Viktor"]
[Result "1-0"]
[WhiteElo "2161"]
[BlackElo "2057"]
[PlyCount "65"]
[EventDate "2006.11.27"]
[EventType "swiss"]
[EventRounds "10"]
[EventCountry "RUS"]
[SourceTitle "EXT 2008"]
[Source "ChessBase"]
[SourceDate "2007.11.25"]
[SourceVersion "1"]
[SourceVersionDate "2007.11.25"]
[SourceQuality "1"]

1. e4 c5 2. Nf3 d6 3. d4 cxd4 4. Nxd4 Nf6 5. Nc3 g6 6. Be3 Bg7 7. f3 0-0 8. Qd2 Nc6 9. 0-0-0 Nxd4 10. Bxd4 Be6 11. Kb1 Rc8 12. g4 Bc4 13. h4 Bxf1 14. Rdxf1 h5 15. Nd5 Nxd5 16. Bxg7 Kxg7 17. exd5 hxg4 18. h5 Rh8 19. hxg6 f6 20. fxg4 Qg8 21. g5 Rxh1 22. Rxh1 Kxg6 23. gxf6 Kf7 24. Qe3 e5 25. dxe6+ Kxf6 26. e7 Qg2 27. Qf4+ Kg7 28. Qd4+ Kf7 29. Rh7+ Ke6 30. Rh6+ Kf7 31. Qf6+ Ke8 32. Rh8+ Kd7 33. Rd8+ 1-0

[Event "St Petersburg-ch qual"]
[Site "St Petersburg"]
[Date "2006.12.04"]
[Round "4"]
[White "Maiorov, Viktor"]
[Black "Khatenever, Feliks"]
[Result "1/2-1/2"]
[WhiteElo "2057"]
[BlackElo "1984"]
[PlyCount "103"]
[EventDate "2006.11.27"]
[EventType "swiss"]
[EventRounds "10"]
[EventCountry "RUS"]
[SourceTitle "EXT 2008"]
[Source "ChessBase"]
[SourceDate "2007.11.25"]
[SourceVersion "1"]
[SourceVersionDate "2007.11.25"]
[SourceQuality "1"]

1. e4 c5 2. Nc3 e6 3. f4 d6 4. Nf3 Nc6 5. d3 g6 6. g3 Bg7 7. Bg2 Nge7 8. 0-0 0-0 9. Be3 Rb8 10. Qd2 b5 11. e5 Nf5 12. Bf2 Ncd4 13. exd6 Nxf3+ 14. Bxf3 Nd4 15. Bg2 f5 16. Nd1 Qxd6 17. c3 Nc6 18. Qe3 Bb7 19. Qxc5 Rfd8 20. Qxd6 Rxd6 21. d4 b4 22. Re1 a5 23. Ne3 Ba6 24. Bf1 Nd8 25. Rac1 a4 26. Bxa6 Rxa6 27. Nc2 Bf8 28. Nxb4 Bxb4 29. cxb4 Rxb4 30. d5 Rb8 31. Rc7 Rd6 32. dxe6 Nxe6 33. Re7 Nd4 34. Bxd4 Rxd4 35. Re8+ Rxe8 36. Rxe8+ Kf7 37. Re2 h5 38. Kg2 h4 39. Rc2 hxg3 40. hxg3 Kg7 41. Kf2 Rd3 42. a3 Kh6 43. Kg2 Rb3 44. Kh3 g5 45. fxg5+ Kxg5 46. Rc4 Rxb2 47. Rxa4 Ra2 48. Ra8 Ra1 49. a4 Ra3 50. Kg2 Ra2+ 51. Kf3 Ra3+ 52. Kf2 1/2-1/2

[Event "St Petersburg-ch qual"]
[Site "St Petersburg"]
[Date "2006.11.29"]
[Round "2"]
[White "Maiorov, Viktor"]
[Black "Romanov, Vasily"]
[Result "1-0"]
[WhiteElo "2057"]
[BlackElo "1986"]
[PlyCount "111"]
[EventDate "2006.11.27"]
[EventType "swiss"]
[EventRounds "10"]
[EventCountry "RUS"]
[SourceTitle "EXT 2008"]
[Source "ChessBase"]
[SourceDate "2007.11.25"]
[SourceVersion "1"]
[SourceVersionDate "2007.11.25"]
[SourceQuality "1"]

1. e4 c5 2. Nc3 d6 3. f4 Nc6 4. Nf3 Bg4 5. Bc4 e6 6. h3 Bxf3 7. Qxf3 Nd4 8. Bb5+ Nxb5 9. Nxb5 a6 10. Nc3 g6 11. d3 Bg7 12. 0-0 Ne7 13. f5 Bd4+ 14. Kh1 Kd7 15. Ne2 Be5 16. c3 Nc6 17. fxe6+ fxe6 18. Qg4 Qe7 19. Bh6 Bf6 20. Qf4 Be5 21. Qf7 Rae8 22. Bg5 Qxf7 23. Rxf7+ Kc8 24. Raf1 h6 25. Be3 Nd8 26. d4 Nxf7 27. Rxf7 cxd4 28. cxd4 Ref8 29. Rxf8+ Rxf8 30. dxe5 Rf1+ 31. Ng1 dxe5 32. Bd2 Kd7 33. Kh2 Kd6 34. Nf3 Rf2 35. Bc3 Re2 36. Nxe5 Rxe4 37. Nxg6 b5 38. a3 h5 39. Kg3 Rc4 40. Kf3 h4 41. g4 hxg3 42. Kxg3 Kd5 43. h4 Ke4 44. Kg4 Ke3+ 45. Kg5 Ke4 46. h5 Rc5+ 47. Be5 Rc1 48. h6 Rg1+ 49. Kf6 Rh1 50. Kg7 Kf5 51. h7 a5 52. Bc3 a4 53. Ne7+ Kf4 54. h8Q Rxh8 55. Kxh8 e5 56. Ng6+ 1-0